Problems in physical education: (Record no. 47963)
[ view plain ]
| 000 -LEADER | |
|---|---|
| fixed length control field | 00829nam a2200241 a 4500 |
| 001 - CONTROL NUMBER | |
| control field | 47963 |
| 003 - CONTROL NUMBER IDENTIFIER | |
| rucl marc code | BD-RjUL |
| 005 - DATE AND TIME OF LATEST TRANSACTION | |
| control field | 20211209054430.0 |
| 008 - FIXED-LENGTH DATA ELEMENTS--GENERAL INFORMATION | |
| fixed length control field | 160811s1965 njua b 000 0 eng |
| 035 ## - SYSTEM CONTROL NUMBER | |
| System control number | (BD-RjUL)48082 |
| 040 ## - CATALOGING SOURCE | |
| Original cataloging agency | DLC |
| Transcribing agency | DLC |
| Modifying agency | DLC |
| -- | BD-RjUL |
| Language of cataloging | eng |
| 041 ## - LANGUAGE CODE | |
| Language code of text/sound track or separate title | eng |
| 082 ## - DEWEY DECIMAL CLASSIFICATION NUMBER | |
| Classification number | 371.73 |
| Author mark and year | NEP 1965 |
| 100 1# - MAIN ENTRY--PERSONAL NAME | |
| Personal name | Neilson, Neils Peter, |
| Dates associated with a name | 1895- [from old catalog] |
| 9 (RLIN) | 145522 |
| 245 10 - TITLE STATEMENT | |
| Title | Problems in physical education: |
| Remainder of title | an introductory course / |
| Statement of responsibility, etc. | [by] N.P. Neilson [and] Alice Oakes Bronson. |
| 260 ## - PUBLICATION, DISTRIBUTION, ETC. (IMPRINT) | |
| Place of publication, distribution, etc. | Englewood Cliffs, N.J., |
| Name of publisher, distributor, etc. | Prentice-Hall, |
| Date of publication, distribution, etc. | 1965 |
| 300 ## - PHYSICAL DESCRIPTION | |
| Pagination | 209 p. : |
| Illustrations | illus. |
| Size | 24 cm. |
| 504 ## - BIBLIOGRAPHY, ETC. NOTE | |
| Bibliography, etc | Bibliography: p. 203-204. |
| 650 #0 - SUBJECT ADDED ENTRY--TOPICAL TERM | |
| Topical term or geographic name as entry element | Physical education and training. |
| 9 (RLIN) | 145523 |
| 700 1# - ADDED ENTRY--PERSONAL NAME | |
| Personal name | Bronson, Alice Oakes, |
| Relator term | joint author. [from old catalog] |
| 942 ## - ADDED ENTRY ELEMENTS (KOHA) | |
| Source of classification or shelving scheme | Dewey Decimal Classification |
| Koha item type | Books |
| Lost status | Source of classification or shelving scheme | Damaged status | Not for loan | Collection code | Permanent Location | Current Location | Shelving location | Date acquired | Source of acquisition | Cost, normal purchase price | Total Checkouts | Full call number | Date last seen | Copy number | Koha item type |
|---|---|---|---|---|---|---|---|---|---|---|---|---|---|---|---|
| Dewey Decimal Classification | Non-fiction | Central Library, University of Rajshahi | Central Library, University of Rajshahi | 16/10/1970 | Zeitlinger | 92.00 | 371.73 NEP 1965 | 11/08/2016 | C-2 | Books | |||||
| Dewey Decimal Classification | Non-fiction | Central Library, University of Rajshahi | Central Library, University of Rajshahi | 16/10/1970 | Zeitlinger | 92.00 | 371.73 NEP 1965 | 11/08/2016 | C-3 | Books |